| 000 | 00849nam a2200229 i 4500 | ||
|---|---|---|---|
| 001 | 189721 | ||
| 003 | ES-MaACL | ||
| 005 | 20251003200310.0 | ||
| 007 | t| | ||
| 008 | 190930s1965 sp ||||1| spa d | ||
| 111 | 0 |
_aConcilio Vaticano ( _n2º. _d1962-1965) _9122 |
|
| 245 | 1 | 0 |
_aDeclaración sobre la educación cristiana y decretos sobre los medios de comunicación social / _c[traducción José Guillén]. |
| 260 |
_aSalamanca : _bSígueme, _c1965. |
||
| 300 |
_a69 p. ; _c23 cm. |
||
| 490 | 1 |
_aColección "Iglesia, Siglo XX" ; _v22 |
|
| 650 | 7 |
_aEducación cristiana _2embne _912090 |
|
| 650 | 0 | 4 |
_aMedios de comunicación social- _xAspectos religiosos. _914967 |
| 700 | 1 |
_aGuillén, José, _d1913- _960769 |
|
| 830 | 0 | 0 |
_aColección "Iglesia, siglo XX" _v22 _9182791 |
| 852 |
_aES-MaACL _jP-863-Bis-14 |
||
| 999 |
_c189721 _d189721 |
||